Statistics for Can You Find These Hidden Words?

Click here to take the quiz!

General Stats

  • This quiz has been taken 24 times
  • The average score is 5 of 9

Answers on the Map

Answers color-coded by a green-red scale on the quiz's map according to % correct below.
Loading ...
 

Answer Stats

Letter Words % Correct
RRock
79%
PPicture
71%
CCotton
57%
DData
57%
LLettuce
57%
CCross
50%
NNoise
50%
TTonic
50%
WWisdom
50%

Score Distribution

Percentile by Number Answered

Percent of People with Each Score

Your Score History

You have not taken this quiz